Thriving on chaos : handbook for a management revolution (Record no. 90224)

MARC details
000 -LEADER
fixed length control field 00448cam a2200181 4500
008 - FIXED-LENGTH DATA ELEMENTS--GENERAL INFORMATION
fixed length control field 090401t1988 xxu||||| |||| 00| 0 eng d
020 ## - INTERNATIONAL STANDARD BOOK NUMBER
International Standard Book Number 0333454278
035 ## - SYSTEM CONTROL NUMBER
System control number (Sirsi) u36233
041 ## - LANGUAGE CODE
Language code of text/sound track or separate title eng
050 ## - LIBRARY OF CONGRESS CALL NUMBER
Classification number 658
100 ## - MAIN ENTRY--PERSONAL NAME
Personal name Peters, Tom
245 ## - TITLE STATEMENT
Title Thriving on chaos : handbook for a management revolution
260 ## - PUBLICATION, DISTRIBUTION, ETC.
Place of publication, distribution, etc. London
Name of publisher, distributor, etc. MacMillan
Date of publication, distribution, etc. 1988
300 ## - PHYSICAL DESCRIPTION
Extent xii,561p. ; 24cm.
350 ## - PRICE (NR) (BK AM CF MU VM SE) [OBSOLETE]
Price 14.95
942 ## - ADDED ENTRY ELEMENTS (KOHA)
Suppress in OPAC 0
948 ## - LOCAL PROCESSING INFORMATION (OCLC); SERIES PART DESIGNATOR (RLIN)
c (OCLC) 04/03/1997
Holdings
Withdrawn status Lost status Source of classification or shelving scheme Damaged status Not for loan Home library Current library Shelving location Date acquired Cost, normal purchase price Total Checkouts Full call number Barcode Date last seen Date last checked out Copy number Cost, replacement price Price effective from Koha item type
    Dewey Decimal Classification     London London Books 14/09/1999 14.95 11 658 30019568 06/08/2019 07/01/2005 1 14.95 06/08/2019 Book